[Event "Cheliabinsk Kurnosov Memorial rapid"]
[Site "Cheliabinsk"]
[Date "2019.09.08"]
[Round "11"]
[White "Frolyanov, Dmitry"]
[Black "Slizhevsky, Alexander"]
[Result "1-0"]
[WhiteElo "2556"]
[BlackElo "2426"]
[PlyCount "121"]
[EventDate "2019.09.06"]
[EventType "swiss (rapid)"]
[EventRounds "11"]
[EventCountry "RUS"]
[SourceTitle "EXT 2020"]
[Source "ChessBase"]
[SourceDate "2019.10.17"]
[SourceVersion "1"]
[SourceVersionDate "2019.10.17"]
[SourceQuality "1"]

1. e4 c5 2. Nf3 d6 3. d4 cxd4 4. Nxd4 Nf6 5. Nc3 Nc6 6. Bg5 e6 7. Qd2 Be7 8. 0-0-0 0-0 9. f4 Nxd4 10. Qxd4 Qa5 11. Bc4 Bd7 12. e5 dxe5 13. fxe5 Bc6 14. Bd2 Nd7 15. Nd5 Qd8 16. Nxe7+ Qxe7 17. Rhe1 Rfd8 18. Qg4 Nb6 19. Bf1 Rac8 20. Bb4 Rxd1+ 21. Rxd1 Qc7 22. Bd6 Bf3 23. Bxc7 Bxg4 24. Rd8+ Rxd8 25. Bxd8 Nd7 26. Bc7 Bf5 27. Kd2 Be4 28. c4 Kf8 29. b4 Ke8 30. Ke3 Bc2 31. Be2 b6 32. Bf3 Ke7 33. Kd4 f6 34. exf6+ gxf6 35. c5 bxc5+ 36. bxc5 Bb1 37. Bd6+ Kd8 38. a3 Ba2 39. Bb7 a5 40. g4 e5+ 41. Ke3 Bf7 42. Be4 h6 43. h3 Bc4 44. Kf3 Ke8 45. c6 Nb6 46. Bc7 Nd5 47. Bxa5 Ne7 48. Bd2 Bb5 49. c7 Bd7 50. Bxh6 f5 51. gxf5 Nxf5 52. Bg5 Nd4+ 53. Kg3 Ne6 54. Bg6+ Kf8 55. Bd8 Nf4 56. Be4 Bc8 57. h4 Kf7 58. a4 Ke6 59. Bf3 Kd6 60. h5 Ne6 61. h6 1-0

[Event "Cheliabinsk Lozovatsky Memorial-A"]
[Site "Cheliabinsk"]
[Date "2019.01.17"]
[Round "6"]
[White "Bezgodov, Alexei"]
[Black "Slizhevsky, Alexander"]
[Result "1-0"]
[WhiteElo "2441"]
[BlackElo "2428"]
[PlyCount "62"]
[EventDate "2019.01.12"]
[EventType "tourn"]
[EventRounds "9"]
[EventCountry "RUS"]
[EventCategory "9"]
[SourceTitle "CBM 188 Extra"]
[Source "ChessBase"]
[SourceDate "2019.02.26"]
[SourceVersion "1"]
[SourceVersionDate "2019.02.26"]
[SourceQuality "1"]

1. e4 c5 2. Nf3 d6 3. d4 cxd4 4. Nxd4 Nf6 5. Nc3 a6 6. Bc4 e6 7. Bb3 Nbd7 8. f4 Nc5 9. e5 dxe5 10. fxe5 Nfd7 11. Be3 Qa5 12. 0-0 Nxe5 13. Qh5 Bd6 14. Rad1 0-0 15. Nxe6 Bxe6 16. Rxd6 Nxb3 17. axb3 Bg4 18. Qh4 Qc7 19. Rh6 gxh6 20. Nd5 Qd6 21. Nf6+ Kh8 22. Qxh6 Bf5 23. Rxf5 Qd1+ 24. Rf1 Qxc2 25. Bd4 Qg6 26. Qh4 Rfe8 27. Qf4 Re6 28. Bxe5 Rc8 29. Ng4+ Kg8 30. Nh6+ Kf8 31. Nxf7 Ke8 1-0

[Event "Samara Polugaevsky Memorial 7th"]
[Site "Samara"]
[Date "2017.07.16"]
[Round "9"]
[White "Slizhevsky, Alexander"]
[Black "Shapiro, David"]
[Result "1/2-1/2"]
[WhiteElo "2431"]
[BlackElo "2322"]
[PlyCount "138"]
[EventDate "2017.07.08"]
[EventType "swiss"]
[EventRounds "9"]
[EventCountry "RUS"]
[SourceTitle "EXT 2018"]
[Source "ChessBase"]
[SourceDate "2017.10.13"]
[SourceVersion "1"]
[SourceVersionDate "2017.10.13"]
[SourceQuality "1"]

1. e4 e5 2. Nf3 Nf6 3. Nxe5 d6 4. Nf3 Nxe4 5. d4 d5 6. Bd3 Bd6 7. 0-0 0-0 8. Re1 Bf5 9. c4 c6 10. cxd5 cxd5 11. Nc3 Nxc3 12. bxc3 Bxd3 13. Qxd3 Re8 14. Bd2 Nd7 15. Qf5 Nf6 16. Bg5 Qd7 17. Nh4 Rxe1+ 18. Rxe1 Re8 19. Rb1 Qxf5 20. Nxf5 Ne4 21. f3 Bxh2+ 22. Kxh2 Nxg5 23. Rxb7 Kf8 24. Rxa7 g6 25. Nd6 Re6 26. Nb5 Re2 27. Kg1 h5 28. Nc7 h4 29. Nxd5 Rc2 30. Ra5 Rc1+ 31. Kh2 Rc2 32. f4 Ne4 33. f5 Nf2 34. fxg6 Rc1 35. g4 fxg6 36. Ra3 Kg7 37. g5 Ne4 38. Ra7+ Kf8 39. Nf4 Nxg5 40. Nxg6+ Ke8 41. Nxh4 Rxc3 42. Kg2 Ne4 43. Nf5 Kd8 44. a4 Ra3 45. a5 Kc8 46. Ne7+ Kb8 47. Nc6+ Kc8 48. d5 Nc5 49. Kf2 Ne4+ 50. Kf1 Ra1+ 51. Kg2 Rd1 52. a6 Nd6 53. Ne7+ Kd8 54. Nc6+ Kc8 55. Ra8+ Kc7 56. a7 Ra1 57. Kf3 Ra4 58. Rf8 Nc8 59. Rf4 Rxf4+ 60. Kxf4 Nb6 61. Na5 Nxd5+ 62. Ke5 Nb6 63. Kd4 Na8 64. Kc5 Nb6 65. Kb5 Na8 66. Ka6 Kc8 67. Nc4 Nc7+ 68. Kb6 Nd5+ 69. Kc6 Nb4+ 1/2-1/2

[Event "Samara Polugaevsky Memorial 7th"]
[Site "Samara"]
[Date "2017.07.15"]
[Round "8"]
[White "Bykov, Oleg1111"]
[Black "Slizhevsky, Alexander"]
[Result "1/2-1/2"]
[WhiteElo "2341"]
[BlackElo "2431"]
[PlyCount "144"]
[EventDate "2017.07.08"]
[EventType "swiss"]
[EventRounds "9"]
[EventCountry "RUS"]
[SourceTitle "EXT 2018"]
[Source "ChessBase"]
[SourceDate "2017.10.13"]
[SourceVersion "1"]
[SourceVersionDate "2017.10.13"]
[SourceQuality "1"]

1. e4 c6 2. d4 d5 3. e5 c5 4. dxc5 Nc6 5. Bb5 e6 6. b4 Nge7 7. Nf3 Bd7 8. Bxc6 Nxc6 9. c3 a5 10. b5 Na7 11. a4 Bxc5 12. 0-0 0-0 13. Nbd2 Nc8 14. c4 Nb6 15. cxd5 exd5 16. Nb3 Be7 17. Nfd4 Re8 18. Re1 Bb4 19. Bd2 Qe7 20. Nc2 Rec8 21. Nbd4 Bc5 22. Bc3 Nc4 23. Nb3 Bf5 24. Ncd4 Be6 25. Qf3 Bb4 26. Bxb4 Qxb4 27. Nxe6 fxe6 28. Qh3 Qe7 29. Nd4 Re8 30. g3 Qf7 31. Qg4 Re7 32. f4 Rf8 33. h4 h6 34. Ra2 Kh7 35. Rf2 Qg6 36. Qxg6+ Kxg6 37. g4 Kh7 38. h5 Rfe8 39. Rfe2 Kg8 40. Kh2 Kf7 41. f5 exf5 42. e6+ Kf6 43. Rf1 g6 44. hxg6 Kxg6 45. Rxf5 Nb6 46. Ref2 Nxa4 47. Rxd5 Nc3 48. Rd7 Ne4 49. Rf7 Rxf7 50. exf7 Rf8 51. Rxb7 Rxf7 52. Rb8 Rd7 53. Nf3 Kf6 54. Ra8 Ke6 55. Rxa5 Kd5 56. Ra4 Nd6 57. b6 Kc5 58. Ra7 Nb7 59. Ra8 Rd6 60. Ne5 Kd5 61. Nf7 Rf6 62. Nh8 Rxb6 63. Rg8 Ke5 64. Rg6 Rb2+ 65. Kg3 Nd6 66. Rxh6 Ne4+ 67. Kf3 Rb3+ 68. Ke2 Kf4 69. Ra6 Rb2+ 70. Kd1 Nf2+ 71. Kc1 Nd3+ 72. Kd1 Kxg4 1/2-1/2

[Event "Samara Polugaevsky Memorial 7th"]
[Site "Samara"]
[Date "2017.07.12"]
[Round "5"]
[White "Slizhevsky, Alexander"]
[Black "Tran, Tuan Minh"]
[Result "1/2-1/2"]
[WhiteElo "2431"]
[BlackElo "2549"]
[PlyCount "99"]
[EventDate "2017.07.08"]
[EventType "swiss"]
[EventRounds "9"]
[EventCountry "RUS"]
[SourceTitle "CBM 179 Extra"]
[Source "ChessBase"]
[SourceDate "2017.08.23"]
[SourceVersion "1"]
[SourceVersionDate "2017.08.23"]
[SourceQuality "1"]

1. e4 c5 2. Nf3 d6 3. d4 cxd4 4. Nxd4 Nf6 5. Nc3 a6 6. Be3 e5 7. Nb3 Be6 8. f3 Be7 9. Qd2 Nbd7 10. g4 h6 11. 0-0-0 b5 12. Kb1 Nb6 13. Qf2 Nfd7 14. h4 Qc7 15. Rh2 Nc4 16. Bc1 Ndb6 17. Qe1 Qc6 18. Bxc4 Nxc4 19. Nd5 a5 20. Nd2 Bxd5 21. exd5 Qxd5 22. Nxc4 Qxc4 23. f4 f6 24. b3 Qc6 25. g5 hxg5 26. fxg5 a4 27. gxf6 gxf6 28. Qg3 Kf7 29. h5 Rag8 30. Qh3 Qe4 31. h6 Rg4 32. Qf1 axb3 33. axb3 b4 34. Re2 Qg6 35. Qf3 f5 36. Rf1 Kf6 37. Qd5 Rd4 38. Qc6 Qe8 39. Qg2 Qg6 40. Qc6 Qe8 41. Qf3 Qc8 42. Rg2 Bf8 43. Be3 Bxh6 44. Bxd4 exd4 45. Qd5 Bf4 46. Rfg1 Qe8 47. Qxd4+ Be5 48. Qxb4 Qa8 49. Rg6+ Ke7 50. Qa4 1/2-1/2

[Event "Samara Polugaevsky Memorial 7th"]
[Site "Samara"]
[Date "2017.07.11"]
[Round "4"]
[White "Velichko, Arseny"]
[Black "Slizhevsky, Alexander"]
[Result "0-1"]
[WhiteElo "2166"]
[BlackElo "2431"]
[PlyCount "54"]
[EventDate "2017.07.08"]
[EventType "swiss"]
[EventRounds "9"]
[EventCountry "RUS"]
[SourceTitle "CBM 179 Extra"]
[Source "ChessBase"]
[SourceDate "2017.08.23"]
[SourceVersion "1"]
[SourceVersionDate "2017.08.23"]
[SourceQuality "1"]

1. d4 Nf6 2. c4 g6 3. Nc3 d5 4. Nf3 Bg7 5. h4 c6 6. Bg5 0-0 7. Bxf6 Bxf6 8. h5 g5 9. e3 h6 10. Qc2 Be6 11. cxd5 cxd5 12. Bd3 Nc6 13. a3 Rc8 14. 0-0-0 a6 15. Kb1 b5 16. Qb3 Na5 17. Qb4 Nc4 18. Bxc4 bxc4 19. Ne5 Qc7 20. f4 Rb8 21. Qa4 Rb3 22. Ka1 Rfb8 23. f5 Bxf5 24. Nxd5 Qb7 25. Nxf6+ exf6 26. Nxc4 Rxb2 27. Rc1 Qxg2 0-1

[Event "Chigorin Memorial 18th"]
[Site "St Petersburg"]
[Date "2010.11.05"]
[Round "9"]
[White "Sichinava, Zviad"]
[Black "Slizhevsky, Alexander"]
[Result "1/2-1/2"]
[WhiteElo "2330"]
[BlackElo "2446"]
[PlyCount "133"]
[EventDate "2010.10.28"]
[EventType "swiss"]
[EventRounds "9"]
[EventCountry "RUS"]
[SourceTitle "EXT 2011"]
[Source "ChessBase"]
[SourceDate "2010.11.26"]
[SourceVersion "1"]
[SourceVersionDate "2010.11.26"]
[SourceQuality "1"]

1. d4 g6 2. h4 Nf6 3. Bg5 Bg7 4. Nc3 d5 5. Qd2 Bf5 6. f3 h6 7. Bxf6 Bxf6 8. e4 dxe4 9. fxe4 Bg4 10. Nd5 Qd6 11. Nxf6+ exf6 12. Nf3 Nc6 13. 0-0-0 0-0-0 14. c3 Qe6 15. Qe2 Qxa2 16. Qc4 Qa5 17. Bd3 Rd7 18. b4 Qh5 19. Rdf1 Rhd8 20. Bc2 Re8 21. Rf2 Ree7 22. Nd2 Rd6 23. b5 Na5 24. Qb4 b6 25. Rxf6 Rxf6 26. Qxe7 Rf2 27. Qe8+ Kb7 28. g3 Bc8 29. Re1 Qg4 30. Qe5 Be6 31. d5 Rxd2 32. dxe6 fxe6 33. Qf4 Qxf4 34. gxf4 Rf2 35. e5 Rxf4 36. Bxg6 Nb3+ 37. Kc2 Nc5 38. h5 Rf2+ 39. Kb1 c6 40. c4 cxb5 41. cxb5 Kc7 42. Re3 Kb7 43. Be8 a5 44. bxa6+ Nxa6 45. Rg3 Nc7 46. Rg7 Rf5 47. Rh7 Rxe5 48. Bg6 Re2 49. Rxh6 Kc6 50. Rh8 Nd5 51. Bc2 Rh2 52. h6 Kb5 53. h7 Nf6 54. Bd3+ Kb4 55. Bg6 e5 56. Rg8 Nxh7 57. Rh8 Kb3 58. Kc1 Kc3 59. Kd1 Kb2 60. Bxh7 e4 61. Ke1 b5 62. Kf1 e3 63. Ke1 b4 64. Kf1 b3 65. Ke1 Rh6 66. Ke2 Rh3 67. Kd3 1/2-1/2

[Event "Chigorin Memorial 18th"]
[Site "St Petersburg"]
[Date "2010.11.03"]
[Round "7"]
[White "Kurukin, Dmitry"]
[Black "Slizhevsky, Alexander"]
[Result "1-0"]
[WhiteElo "2277"]
[BlackElo "2446"]
[PlyCount "89"]
[EventDate "2010.10.28"]
[EventType "swiss"]
[EventRounds "9"]
[EventCountry "RUS"]
[SourceTitle "EXT 2011"]
[Source "ChessBase"]
[SourceDate "2010.11.26"]
[SourceVersion "1"]
[SourceVersionDate "2010.11.26"]
[SourceQuality "1"]

1. d4 Nf6 2. c4 c5 3. d5 e6 4. Nc3 exd5 5. cxd5 d6 6. Nf3 g6 7. Bf4 a6 8. a4 Bg7 9. h3 0-0 10. e3 Qe7 11. Be2 Nbd7 12. 0-0 Ne8 13. Re1 Rb8 14. Nd2 Ne5 15. Bh2 f5 16. Kh1 Qd7 17. Qb3 b6 18. f4 Nf7 19. e4 fxe4 20. Bg4 Qb7 21. Be6 Kh8 22. Ndxe4 Nh6 23. g4 Bd7 24. Ng5 b5 25. Bxd7 Qxd7 26. Ne6 Rg8 27. axb5 axb5 28. Ra5 b4 29. Ne4 Qc8 30. Nd2 Ra8 31. Rxa8 Qxa8 32. Ne4 Qb7 33. Rd1 Nf7 34. Nxg7 Nxg7 35. Qf3 Qc8 36. Bg3 Rf8 37. Bh4 Ne5 38. Qg3 Nf7 39. Be7 Re8 40. Nxd6 Nxd6 41. Bxd6 Re2 42. Be5 c4 43. Qf3 Rc2 44. Qe4 b3 45. d6 1-0

[Event "Chigorin Memorial 18th"]
[Site "St Petersburg"]
[Date "2010.10.30"]
[Round "3"]
[White "Elkin, Leonid"]
[Black "Slizhevsky, Alexander"]
[Result "0-1"]
[WhiteElo "2184"]
[BlackElo "2446"]
[PlyCount "106"]
[EventDate "2010.10.28"]
[EventType "swiss"]
[EventRounds "9"]
[EventCountry "RUS"]
[SourceTitle "EXT 2011"]
[Source "ChessBase"]
[SourceDate "2010.11.26"]
[SourceVersion "1"]
[SourceVersionDate "2010.11.26"]
[SourceQuality "1"]

1. e4 c5 2. Nf3 d6 3. d4 cxd4 4. Nxd4 Nf6 5. Nc3 a6 6. Bg5 e6 7. f4 Qc7 8. Bxf6 gxf6 9. f5 Qc5 10. Qd3 Nc6 11. Nb3 Qe5 12. 0-0-0 b5 13. Kb1 h5 14. Qe3 Be7 15. Bd3 Bd7 16. Rhe1 Rb8 17. Qf2 a5 18. Nd2 Nd4 19. fxe6 fxe6 20. Nd5 h4 21. c3 Nc6 22. Nf3 Qh5 23. Nf4 Qh6 24. Nd4 Nd8 25. Nc2 Rb7 26. e5 fxe5 27. Bg6+ Nf7 28. Bxf7+ Kxf7 29. Nd5+ Ke8 30. Nxe7 Kxe7 31. Qf3 Rb6 32. Qf2 Ra6 33. Rf1 Rf8 34. Qe2 Raa8 35. Qd3 d5 36. Ne3 Rxf1 37. Rxf1 Rf8 38. Rxf8 Kxf8 39. Ng4 Qf4 40. Qe2 e4 41. Qf2 Qxf2 42. Nxf2 e3 43. Nd3 Ke7 44. Kc1 Kf6 45. Ne1 h3 46. gxh3 Ke5 47. Nd3+ Kf5 48. Kd1 e5 49. Nc5 Be6 50. Nxe6 Kxe6 51. h4 d4 52. h5 a4 53. Kc2 Kf6 0-1

[Event "Sibiria Region-chT"]
[Site "Berdsk"]
[Date "2008.12.03"]
[Round "7"]
[White "Malyshev, Sergey"]
[Black "Slizhevsky, Alexander"]
[Result "0-1"]
[WhiteElo "2256"]
[BlackElo "2452"]
[PlyCount "34"]
[EventDate "2008.11.28"]
[EventType "team-swiss"]
[EventRounds "7"]
[EventCountry "RUS"]
[SourceTitle "EXT 2010"]
[Source "ChessBase"]
[SourceDate "2010.11.25"]
[SourceVersion "1"]
[SourceVersionDate "2010.11.25"]
[SourceQuality "1"]

1. e4 c5 2. Nf3 d6 3. d4 cxd4 4. Nxd4 Nf6 5. Nc3 a6 6. a3 g6 7. Be3 Bg7 8. Qd2 b5 9. f3 Bb7 10. 0-0-0 Nbd7 11. Kb1 Rc8 12. Bh6 Bxh6 13. Qxh6 Rxc3 14. bxc3 Qc7 15. Qg7 Rg8 16. Qh6 b4 17. e5 Nxe5 0-1

[Event "Sibiria Region-chT"]
[Site "Berdsk"]
[Date "2008.12.01"]
[Round "5"]
[White "Loskutov, Oleg"]
[Black "Slizhevsky, Alexander"]
[Result "1/2-1/2"]
[WhiteElo "2482"]
[BlackElo "2452"]
[PlyCount "117"]
[EventDate "2008.11.28"]
[EventType "team-swiss"]
[EventRounds "7"]
[EventCountry "RUS"]
[SourceTitle "EXT 2010"]
[Source "ChessBase"]
[SourceDate "2010.11.25"]
[SourceVersion "1"]
[SourceVersionDate "2010.11.25"]
[SourceQuality "1"]

1. e4 c5 2. Nf3 d6 3. d4 cxd4 4. Nxd4 Nf6 5. Nc3 a6 6. Be2 e5 7. Nb3 Be7 8. 0-0 0-0 9. Be3 Be6 10. Qd2 Nbd7 11. a4 Rc8 12. a5 Qc7 13. Rfd1 Rfe8 14. Qe1 Bf8 15. Rd2 Qc6 16. Bf3 Qc7 17. Qd1 b5 18. axb6 Nxb6 19. Na5 Nc4 20. Nxc4 Bxc4 21. Bg5 Be7 22. Be2 Qb7 23. Bxc4 Rxc4 24. Bxf6 Bxf6 25. Ra2 Be7 26. f3 Rec8 27. Nd5 Bg5 28. Re2 f5 29. c3 fxe4 30. fxe4 Rf8 31. b3 Rcc8 32. g3 Rf7 33. Rf2 Rcf8 34. Rxf7 Rxf7 35. b4 Bd8 36. Qa4 a5 37. Rf2 Rxf2 38. Kxf2 Kf8 39. Kg2 Qa6 40. b5 Qa7 41. Qa3 Qb8 42. c4 Bb6 43. Qf3+ Kg8 44. Qf5 Qf8 45. Qf3 Bc5 46. Qb3 Qd8 47. Qc2 Qf8 48. h4 h5 49. Qb2 a4 50. b6 a3 51. Qa2 Kh7 52. b7 Qb8 53. Qb3 a2 54. Qxa2 Qxb7 55. Qe2 Kh6 56. Qd2+ Kh7 57. Qe2 Kh6 58. Kh2 Qf7 59. Kg2 1/2-1/2

[Event "Izmailov Memorial op 12th"]
[Site "Tomsk"]
[Date "2008.06.28"]
[Round "5"]
[White "Nigametzianov, Mikhail"]
[Black "Slizhevsky, Alexander"]
[Result "0-1"]
[WhiteElo "2373"]
[BlackElo "2442"]
[PlyCount "102"]
[EventDate "2008.06.25"]
[EventType "swiss"]
[EventRounds "9"]
[EventCountry "RUS"]
[SourceTitle "CBM 125 Extra"]
[Source "ChessBase"]
[SourceDate "2008.09.01"]
[SourceVersion "1"]
[SourceVersionDate "2008.09.01"]
[SourceQuality "1"]

1. d4 Nf6 2. Nf3 g6 3. g3 Bg7 4. Bg2 d5 5. 0-0 0-0 6. c4 dxc4 7. Na3 c3 8. bxc3 c5 9. e3 Nc6 10. Bb2 Bf5 11. Qe2 e5 12. Nc4 e4 13. Nfe5 Nxe5 14. Nxe5 h5 15. Ba3 b6 16. Rac1 Qc7 17. h3 Rfe8 18. Rfd1 Rac8 19. c4 Rcd8 20. Bb2 Qc8 21. Kh2 Nh7 22. f3 exf3 23. Nxf3 cxd4 24. Bxd4 Bxd4 25. Rxd4 Rxd4 26. Nxd4 Be4 27. Bf1 Ba8 28. Re1 h4 29. Qg4 Qb7 30. e4 hxg3+ 31. Qxg3 Nf6 32. Bg2 Nxe4 33. Nf5 Qd7 34. Bxe4 Rxe4 35. Rxe4 Qd2+ 36. Kg1 Bxe4 37. Ne3 Qc1+ 38. Kf2 Qb2+ 39. Kg1 Qa1+ 40. Nf1 Qxa2 41. Ne3 Qb1+ 42. Kf2 Qb2+ 43. Kg1 Qd4 44. Qf4 a5 45. Kh2 Qd2+ 46. Kg3 Qe1+ 47. Kg4 Qg1+ 48. Kh4 g5+ 49. Qxg5+ Qxg5+ 50. Kxg5 a4 51. Kf4 Bd3 0-1

[Event "Voronezh op-A 11th"]
[Site "Voronezh"]
[Date "2007.06.21"]
[Round "9"]
[White "Slizhevsky, Alexander"]
[Black "Sjugirov, Sanan"]
[Result "0-1"]
[WhiteElo "2452"]
[BlackElo "2395"]
[PlyCount "62"]
[EventDate "2007.06.12"]
[EventType "swiss"]
[EventRounds "9"]
[EventCountry "RUS"]
[SourceTitle "CBM 118 Extra"]
[Source "ChessBase"]
[SourceDate "2007.07.04"]
[SourceVersion "1"]
[SourceVersionDate "2007.07.04"]
[SourceQuality "1"]

1. e4 c5 2. Nf3 d6 3. d4 cxd4 4. Nxd4 Nf6 5. Nc3 a6 6. Be3 e5 7. Nb3 Be7 8. f4 Qc7 9. f5 b5 10. a3 Bb7 11. Qf3 Nbd7 12. 0-0-0 Rc8 13. Bd3 d5 14. exd5 Bxa3 15. Bd2 Bd6 16. Kb1 b4 17. Ne4 Nxe4 18. Qxe4 Nf6 19. Qh4 Bxd5 20. Bxb4 0-0 21. Bxd6 Qxd6 22. Rhe1 Qc7 23. Rd2 Rfd8 24. Red1 e4 25. Bxa6 Ra8 26. Bb5 Qa7 27. c4 Qb6 28. Qe1 e3 29. Rd4 Be4+ 30. Kc1 Rxd4 31. Rxd4 Qxd4 0-1

[Event "Voronezh op-A 11th"]
[Site "Voronezh"]
[Date "2007.06.18"]
[Round "6"]
[White "Deviatkin, Andrei"]
[Black "Slizhevsky, Alexander"]
[Result "1-0"]
[WhiteElo "2541"]
[BlackElo "2452"]
[PlyCount "83"]
[EventDate "2007.06.12"]
[EventType "swiss"]
[EventRounds "9"]
[EventCountry "RUS"]
[SourceTitle "CBM 118 Extra"]
[Source "ChessBase"]
[SourceDate "2007.07.04"]
[SourceVersion "1"]
[SourceVersionDate "2007.07.04"]
[SourceQuality "1"]

1. Nc3 c5 2. g3 Nc6 3. Bg2 g6 4. f4 Bg7 5. e4 d6 6. Nf3 e6 7. 0-0 Nge7 8. d3 0-0 9. Be3 Nd4 10. Rb1 d5 11. Ne2 Nxf3+ 12. Bxf3 d4 13. Bf2 e5 14. Bg2 f6 15. c4 a5 16. Qd2 Bh6 17. Qc2 Qc7 18. Be1 Bg4 19. h3 Bd7 20. Bd2 f5 21. fxe5 Bxd2 22. Qxd2 fxe4 23. Bxe4 Bxh3 24. Rxf8+ Rxf8 25. Nf4 Bf5 26. Re1 Bxe4 27. Rxe4 Qd7 28. e6 Qd6 29. Qxa5 g5 30. Nh5 Nf5 31. b4 b6 32. Qa7 cxb4 33. Qd7 Qxd7 34. Nf6+ Rxf6 35. exd7 Rd6 36. Re8+ Kf7 37. d8Q Rxd8 38. Rxd8 Nxg3 39. Kf2 Nf5 40. Rd5 Ne3 41. Rb5 g4 42. Rxb6 1-0

[Event "Voronezh op-A 11th"]
[Site "Voronezh"]
[Date "2007.06.15"]
[Round "4"]
[White "Rychagov, Andrey"]
[Black "Slizhevsky, Alexander"]
[Result "0-1"]
[WhiteElo "2571"]
[BlackElo "2452"]
[PlyCount "114"]
[EventDate "2007.06.12"]
[EventType "swiss"]
[EventRounds "9"]
[EventCountry "RUS"]
[SourceTitle "CBM 118 Extra"]
[Source "ChessBase"]
[SourceDate "2007.07.04"]
[SourceVersion "1"]
[SourceVersionDate "2007.07.04"]
[SourceQuality "1"]

1. Nf3 Nf6 2. c4 c5 3. Nc3 Nc6 4. e3 e5 5. d4 cxd4 6. exd4 e4 7. Ng5 Bb4 8. d5 Ne5 9. Qd4 Qe7 10. Ngxe4 Nxe4 11. Qxe4 f5 12. Qe2 Bxc3+ 13. bxc3 b6 14. f4 Nd3+ 15. Kd2 Qxe2+ 16. Bxe2 Nxf4 17. Bf3 d6 18. Ba3 Kd7 19. Rae1 Ba6 20. g3 Ng6 21. Re6 Ne5 22. Rxd6+ Kc7 23. Be2 Bxc4 24. Re6 Bxd5 25. Re7+ Nd7 26. Rd1 Rae8 27. Rxg7 Reg8 28. Re7 Re8 29. Kc1 Rxe7 30. Bxe7 Bxa2 31. Bd6+ Kd8 32. c4 Bb3 33. Rd5 Re8 34. Bd3 Re3 35. Kd2 Re6 36. Kc3 Ba4 37. Bxf5 Re3+ 38. Kd2 Rf3 39. g4 Bc6 40. Rd4 h5 41. Bg3 hxg4 42. Bxg4 Rf7 43. Rd6 Ba4 44. Kc3 Rg7 45. h3 Ke8 46. Rh6 Bd1 47. Bxd1 Rxg3+ 48. Kd4 Ke7 49. Rh7+ Kd6 50. h4 Nc5 51. Rh6+ Ke7 52. Bc2 Ne6+ 53. Ke5 Nd8 54. Kd5 Rg2 55. Bd3 Rd2 56. Kd4 Nf7 57. Rg6 Rxd3+ 0-1

[Event "Voronezh op-A 11th"]
[Site "Voronezh"]
[Date "2007.06.14"]
[Round "3"]
[White "Slizhevsky, Alexander"]
[Black "Turkin, Viktor"]
[Result "1-0"]
[WhiteElo "2452"]
[BlackElo "2299"]
[PlyCount "94"]
[EventDate "2007.06.12"]
[EventType "swiss"]
[EventRounds "9"]
[EventCountry "RUS"]
[SourceTitle "CBM 118 Extra"]
[Source "ChessBase"]
[SourceDate "2007.07.04"]
[SourceVersion "1"]
[SourceVersionDate "2007.07.04"]
[SourceQuality "1"]

1. e4 c5 2. Nf3 e6 3. d4 cxd4 4. Nxd4 a6 5. Bd3 Qc7 6. 0-0 Nf6 7. Qe2 d6 8. c4 Nc6 9. Nxc6 bxc6 10. f4 e5 11. f5 Be7 12. Nc3 Bb7 13. Bg5 h6 14. Be3 0-0 15. Rac1 Rfe8 16. Na4 Bf8 17. a3 Qe7 18. b4 Red8 19. Nb6 Rab8 20. c5 dxc5 21. Bxc5 Qc7 22. Bf2 a5 23. bxa5 Bxa3 24. Ra1 Bb4 25. a6 Ba8 26. Nxa8 Rxa8 27. Rfc1 Qd6 28. Bc4 c5 29. Rab1 Qe7 30. Rd1 Qc7 31. Rd3 Rxd3 32. Bxd3 Qd6 33. Rd1 Qb6 34. h3 Qc6 35. Bh4 Bc3 36. Rb1 Bd4+ 37. Kh2 Kh7 38. Rb7 Kg8 39. Qa2 Nd7 40. Qd5 Qxd5 41. exd5 Nb6 42. a7 c4 43. Bxc4 Kh7 44. Bd3 Nxd5 45. f6+ g6 46. Rxf7+ Kg8 47. Bc4 Ne3 1-0